Monitoring a analýza kvalifikačních potřeb ve Švédsku

Analýza a sledovanie kvalifikačných potrieb vo Švédsku, ktoré sú vhodným nástrojom k redukcii takzvaných nových sociálnych rizík. Predovšetkým kvalifikačné riziká spojené so vstupom na pracovný trh a s uplatňovaním sa na trhu práce.

Enregistré dans:
Détails bibliographiques
Auteur principal: Klimplová, Lenka
Format: Chapitre de livre
Langue:tchèque
Sujets:
Tags: Ajouter un tag
Pas de tags, Soyez le premier à ajouter un tag!

MARC

LEADER 00000naa a2200000 4500
001 0201631
005 20221128140117.0
041 0 |a cze 
044 |a CZ 
245 1 0 |a Monitoring a analýza kvalifikačních potřeb ve Švédsku  |c Lenka Klimplová 
520 |a Analýza a sledovanie kvalifikačných potrieb vo Švédsku, ktoré sú vhodným nástrojom k redukcii takzvaných nových sociálnych rizík. Predovšetkým kvalifikačné riziká spojené so vstupom na pracovný trh a s uplatňovaním sa na trhu práce. 
610 2 0 |a Švédsko 
610 2 0 |a procesy sociálno-ekonomické 
610 2 0 |a vzťahy spoločenské 
610 2 0 |a rozvoj sociálno-ekonomický 
610 2 0 |a zamestnateľnosť 
610 2 0 |a trh práce 
100 1 |a Klimplová, Lenka